| 000 | 00532nam a2200157Ia 4500 | ||
|---|---|---|---|
| 008 | 220216s9999 xx 000 0 und d | ||
| 100 |
_a _AKrishnakumar R. |
||
| 245 | 0 | _aPreliminary investigations on variations in trans-zeatin riboside (t-ZR) levels in TPD affected and normal Hevea plants of RRII 105 | |
| 260 |
_bIRRDB Workshop on TPD, 26-28 July 1994, SCATC, China _c1994 |
||
| 650 | _aCytokinin | ||
| 650 | _aRRII 105 | ||
| 650 | _aTapping panel dryness | ||
| 700 | _aAsokan M.P. | ||
| 700 | _aSethuraj M.R. | ||
| 942 | _cBS | ||
| 999 |
_c52596 _d52596 |
||